[Event "LSS No Engine Cup Gr01 prel 06 email"]
[Site "LSS email"]
[Date "2009.06.29"]
[Round "?"]
[White "Znak, Nicholas"]
[Black "Vio, Mauro"]
[Result "0-1"]
[WhiteElo "781"]
[BlackElo "1561"]
[PlyCount "56"]
[EventDate "2009.06.30"]
[EventType "tourn (corr)"]
[EventRounds "6"]
[EventCountry "GER"]
[SourceTitle "Telechess CBM 135"]
[Source "ChessBase"]
[SourceDate "2010.03.17"]
[SourceVersion "1"]
[SourceVersionDate "2010.03.17"]
[SourceQuality "1"]

1. e4 e5 2. Nf3 Nf6 3. Nc3 Nc6 4. Bb5 Bd6 5. 0-0 0-0 6. Bxc6 dxc6 7. Ne1 Be6 8. d3 b5 9. a3 a5 10. Bg5 h6 11. Bh4 Qe7 12. h3 b4 13. Ne2 bxa3 14. bxa3 Bxa3 15. d4 g5 16. Bg3 exd4 17. Qxd4 Rfd8 18. Qe3 Bc5 19. Qf3 Rd2 20. Be5 Nxe4 21. Qxe4 Bd5 22. Qf5 Rxe2 23. Bg3 a4 24. c3 Ba3 25. Nc2 Be4 26. Qe5 Bxc2 27. Qxc7 Qxc7 28. Bxc7 Bb2 0-1

[Event "LSS OP-2009-0-00862"]
[Site "LSS email"]
[Date "2009.06.01"]
[Round "?"]
[White "Allwardt, David Lawrence"]
[Black "Znak, Nicholas"]
[Result "1/2-1/2"]
[WhiteElo "800"]
[BlackElo "698"]
[PlyCount "51"]
[EventDate "2009.05.26"]
[EventType "tourn (corr)"]
[EventRounds "4"]
[EventCountry "GER"]
[SourceTitle "Corr 2011"]
[Source "ChessBase"]
[SourceDate "2010.08.31"]
[SourceVersion "1"]
[SourceVersionDate "2010.08.31"]
[SourceQuality "1"]

1. e4 c5 2. Nf3 Nc6 3. Nc3 e5 4. Bc4 Be7 5. 0-0 Nf6 6. d3 d6 7. Ng5 0-0 8. Nxf7 Rxf7 9. Bxf7+ Kxf7 10. Bg5 Kg8 11. Bxf6 Bxf6 12. Nd5 Be6 13. c3 Bxd5 14. exd5 Ne7 15. f4 Qb6 16. fxe5 Bxe5 17. Qf3 Bf6 18. Rf2 Rf8 19. Raf1 Ng6 20. Qg4 Qd8 21. a4 Ne5 22. Qe6+ Kh8 23. Qf5 Nd7 24. Qh3 Ne5 25. Qf5 Nd7 26. Qh3 1/2-1/2

[Event "LSS OP-2009-0-00862"]
[Site "LSS email"]
[Date "2009.06.01"]
[Round "?"]
[White "Jokmin, Guido"]
[Black "Znak, Nicholas"]
[Result "0-1"]
[WhiteElo "834"]
[BlackElo "698"]
[PlyCount "64"]
[EventDate "2009.05.26"]
[EventType "tourn (corr)"]
[EventRounds "4"]
[EventCountry "GER"]
[SourceTitle "Corr 2011"]
[Source "ChessBase"]
[SourceDate "2010.08.31"]
[SourceVersion "1"]
[SourceVersionDate "2010.08.31"]
[SourceQuality "1"]

1. e4 c5 2. Nf3 Nc6 3. Bc4 e6 4. c3 Bd6 5. d4 Bb8 6. 0-0 cxd4 7. cxd4 d5 8. exd5 exd5 9. Re1+ Be6 10. Bd3 Nge7 11. Nc3 Qc7 12. a3 Nxd4 13. Nxd4 Qxh2+ 14. Kf1 Qh1+ 15. Ke2 Qxg2 16. Nxe6 fxe6 17. Qb3 0-0 18. Be3 b6 19. Rf1 Qg4+ 20. Kd2 Bf4 21. Rae1 Rf6 22. Nd1 d4 23. Rg1 dxe3+ 24. fxe3 Bg3 25. Ref1 Rxf1 26. Rxf1 Rf8 27. Bxh7+ Kxh7 28. Rxf8 Be5 29. Qd3+ Ng6 30. Nf2 Qg2 31. Kc2 Kh6 32. Kb3 Nxf8 0-1

[Event "LSS RF-2009-0-00033"]
[Site "LSS email"]
[Date "2009.05.26"]
[Round "?"]
[White "Goti, Javier"]
[Black "Znak, Nicholas"]
[Result "0-1"]
[WhiteElo "991"]
[BlackElo "698"]
[PlyCount "63"]
[EventDate "2009.04.06"]
[EventType "tourn (corr)"]
[EventRounds "6"]
[EventCountry "GER"]
[SourceTitle "Corr 2011"]
[Source "ChessBase"]
[SourceDate "2010.08.31"]
[SourceVersion "1"]
[SourceVersionDate "2010.08.31"]
[SourceQuality "1"]

1. e4 c5 2. d4 cxd4 3. c3 dxc3 4. Nxc3 Nc6 5. Bc4 e6 6. Nf3 Bb4 7. Bd2 Nge7 8. 0-0 0-0 9. e5 d5 10. a3 Bxc3 11. Bxc3 dxc4 12. Qa4 Nd5 13. Rad1 Nxc3 14. bxc3 Qe7 15. Qxc4 Qxa3 16. Qd3 h6 17. Qc4 Qa5 18. Rfe1 Ne7 19. Nd4 Nd5 20. Rc1 b6 21. Nb3 Qa2 22. Re2 Qa3 23. Ra1 Ba6 24. Qxa6 Qxb3 25. c4 Nf4 26. Re3 Qc2 27. h3 Qg6 28. g3 Nxh3+ 29. Kg2 Ng5 30. f3 Qc2+ 31. Kh1 Qd2 32. Qa2 0-1

[Event "LSS RF-2009-0-00033"]
[Site "LSS email"]
[Date "2009.05.26"]
[Round "?"]
[White "Znak, Nicholas"]
[Black "Garcia, Sergio"]
[Result "1-0"]
[WhiteElo "698"]
[BlackElo "800"]
[PlyCount "77"]
[EventDate "2009.04.06"]
[EventType "tourn (corr)"]
[EventRounds "6"]
[EventCountry "GER"]
[SourceTitle "Corr 2011"]
[Source "ChessBase"]
[SourceDate "2010.08.31"]
[SourceVersion "1"]
[SourceVersionDate "2010.08.31"]
[SourceQuality "1"]

1. e4 e5 2. Nf3 Nc6 3. d4 exd4 4. c3 dxc3 5. Bc4 cxb2 6. Bxb2 Bb4+ 7. Nc3 d6 8. 0-0 Nf6 9. Re1 0-0 10. a3 Bc5 11. Nd5 Nxd5 12. exd5 Ne7 13. Bd4 Bxd4 14. Nxd4 c5 15. Nc2 a6 16. Qf3 b5 17. Bd3 Bb7 18. Be4 g6 19. Ne3 f5 20. Bc2 Re8 21. Rad1 Qa5 22. Qf4 Rad8 23. a4 bxa4 24. Bxa4 Nc8 25. Bxe8 Rxe8 26. h4 Qb4 27. Qg5 Ne7 28. Nxf5 Bxd5 29. Nxe7+ Rxe7 30. Qxe7 Bf7 31. Qxd6 Qxh4 32. Qxc5 Kg7 33. Qe5+ Kh6 34. Re4 Qg5 35. Qxg5+ Kxg5 36. Rd6 a5 37. Re5+ Kf4 38. Rxa5 h5 39. Rd4# 1-0

[Event "LSS RF-2009-0-00033"]
[Site "LSS email"]
[Date "2009.05.26"]
[Round "?"]
[White "Znak, Nicholas"]
[Black "Jokmin, Alex"]
[Result "0-1"]
[WhiteElo "698"]
[BlackElo "1172"]
[PlyCount "66"]
[EventDate "2009.04.06"]
[EventType "tourn (corr)"]
[EventRounds "6"]
[EventCountry "GER"]
[SourceTitle "Corr 2011"]
[Source "ChessBase"]
[SourceDate "2010.08.31"]
[SourceVersion "1"]
[SourceVersionDate "2010.08.31"]
[SourceQuality "1"]

1. e4 e5 2. Nf3 Nf6 3. d4 exd4 4. Qxd4 Nc6 5. Qa4 Bc5 6. Bd3 Ng4 7. 0-0 Qf6 8. c3 0-0 9. Qc2 Nce5 10. Nxe5 Qxe5 11. g3 d6 12. Bf4 Qh5 13. h4 Bb6 14. Be2 Qg6 15. Bxg4 Qxg4 16. Qd3 Re8 17. Nd2 Bd7 18. Rae1 Re7 19. Qf3 Qxf3 20. Nxf3 Bb5 21. e5 Bxf1 22. Kxf1 dxe5 23. Bxe5 Rae8 24. Bf4 Rxe1+ 25. Nxe1 c6 26. Nc2 Rd8 27. f3 Rd1+ 28. Ke2 Rb1 29. b4 Rb2 30. Kd1 Rb1+ 31. Bc1 Bf2 32. g4 Bxh4 33. a4 Bg5 0-1

[Event "LSS SN-2009-0-00154"]
[Site "LSS email"]
[Date "2009.05.13"]
[Round "?"]
[White "Lanier, Jeff"]
[Black "Znak, Nicholas"]
[Result "1-0"]
[WhiteElo "730"]
[BlackElo "698"]
[PlyCount "104"]
[EventDate "2009.04.26"]
[EventType "tourn (corr)"]
[EventRounds "6"]
[EventCountry "GER"]
[SourceTitle "Corr 2011"]
[Source "ChessBase"]
[SourceDate "2010.08.31"]
[SourceVersion "1"]
[SourceVersionDate "2010.08.31"]
[SourceQuality "1"]

1. e4 e5 2. Nf3 Nc6 3. Bc4 Nf6 4. a3 Nxe4 5. d4 d5 6. Bb5 exd4 7. Bxc6+ bxc6 8. Nxd4 Bd7 9. 0-0 Be7 10. Qf3 0-0 11. Nc3 Nd6 12. Qg3 Bf6 13. Nf3 Nf5 14. Qf4 Ne7 15. Ne5 Bxe5 16. Qxe5 Ng6 17. Qd4 Re8 18. Be3 Ne5 19. Rfe1 Nc4 20. b3 Nd6 21. Re2 Nf5 22. Qd3 d4 23. Bxd4 Rxe2 24. Nxe2 Be6 25. Qe4 Qd5 26. Qd3 Nxd4 27. Qxd4 a6 28. Rd1 Qxd4 29. Nxd4 Bd7 30. Nf3 Bf5 31. Rd2 h6 32. h3 Kf8 33. g4 Be4 34. Ne5 Re8 35. Nd7+ Kg8 36. Nc5 f5 37. Nxe4 Rxe4 38. gxf5 Re7 39. Rd8+ Kf7 40. Ra8 Re2 41. Rxa6 Rxc2 42. Ra7 Rc3 43. Rxc7+ Kf6 44. Rb7 Kxf5 45. a4 g5 46. a5 Rc1+ 47. Kg2 h5 48. a6 Ra1 49. Rb6 Ke5 50. Rxc6 Kd5 51. Rg6 g4 52. hxg4 hxg4 1-0

[Event "LSS SN-2009-0-00154"]
[Site "LSS email"]
[Date "2009.05.13"]
[Round "?"]
[White "Ragnoli, Emanuele"]
[Black "Znak, Nicholas"]
[Result "1/2-1/2"]
[WhiteElo "754"]
[BlackElo "812"]
[PlyCount "62"]
[EventDate "2009.04.26"]
[EventType "tourn (corr)"]
[EventRounds "6"]
[EventCountry "GER"]
[SourceTitle "Corr 2011"]
[Source "ChessBase"]
[SourceDate "2010.08.31"]
[SourceVersion "1"]
[SourceVersionDate "2010.08.31"]
[SourceQuality "1"]

1. e4 e5 2. d4 exd4 3. Nf3 c5 4. Bc4 Nc6 5. 0-0 Be7 6. Bf4 d6 7. b3 Bg4 8. Nbd2 Nf6 9. h3 Bh5 10. g4 Bg6 11. e5 dxe5 12. Bxe5 0-0 13. Qe1 Nxe5 14. Nxe5 Bxc2 15. Nxf7 Rxf7 16. Bxf7+ Kxf7 17. Qe2 d3 18. Qe3 b5 19. a4 b4 20. Rfe1 a5 21. g5 Nd5 22. Qf3+ Kg8 23. h4 Nc3 24. Rxe7 Qxe7 25. Qxa8+ Kf7 26. Qxa5 Ne2+ 27. Kf1 Nd4 28. Re1 Ne2 29. Qb6 Qe5 30. Kg2 Nf4+ 31. Kf1 Ne2 1/2-1/2

[Event "LSS SN-2009-0-00154"]
[Site "LSS email"]
[Date "2009.05.13"]
[Round "?"]
[White "Znak, Nicholas"]
[Black "Checa, Nicholas de T"]
[Result "1-0"]
[WhiteElo "781"]
[BlackElo "848"]
[PlyCount "55"]
[EventDate "2009.04.26"]
[EventType "tourn (corr)"]
[EventRounds "6"]
[EventCountry "GER"]
[SourceTitle "Corr 2011"]
[Source "ChessBase"]
[SourceDate "2010.08.31"]
[SourceVersion "1"]
[SourceVersionDate "2010.08.31"]
[SourceQuality "1"]

1. e4 e5 2. Nf3 Nc6 3. d4 exd4 4. c3 dxc3 5. Bc4 cxb2 6. Bxb2 Nf6 7. Nbd2 Bc5 8. 0-0 0-0 9. e5 Ne8 10. Ne4 Bb6 11. Neg5 d6 12. Qd3 g6 13. e6 Nf6 14. Nxf7 Qe7 15. Rae1 a6 16. N3g5 Ng4 17. h3 Nf6 18. Nh6+ Kh8 19. Qf3 Ne5 20. Bxe5 dxe5 21. Qg3 Ba5 22. Rxe5 c6 23. Rxa5 b6 24. Re5 Nh5 25. Qc3 Nf4 26. Rf5+ Rf6 27. Rxf6 Qg7 28. Rf8# 1-0

[Event "LSS SN-2009-0-00154"]
[Site "LSS email"]
[Date "2009.05.13"]
[Round "?"]
[White "Znak, Nicholas"]
[Black "Cser, Andras"]
[Result "1-0"]
[WhiteElo "698"]
[BlackElo "872"]
[PlyCount "43"]
[EventDate "2009.04.26"]
[EventType "tourn (corr)"]
[EventRounds "6"]
[EventCountry "GER"]
[SourceTitle "Corr 2011"]
[Source "ChessBase"]
[SourceDate "2010.08.31"]
[SourceVersion "1"]
[SourceVersionDate "2010.08.31"]
[SourceQuality "1"]

1. e4 e5 2. Nf3 Nc6 3. d4 exd4 4. c3 dxc3 5. Nxc3 Bb4 6. Qd5 Bxc3+ 7. bxc3 Nf6 8. Qd3 d6 9. Be2 0-0 10. 0-0 Re8 11. Bg5 Ne5 12. Nxe5 dxe5 13. Qc2 Qd6 14. Rfd1 Qc6 15. Bd3 h6 16. Bh4 b6 17. Rab1 Bb7 18. f3 Nh5 19. Bg3 Nxg3 20. hxg3 Rad8 21. Kh2 Re6 22. Bb5 1-0

[Event "LSS OP-2009-0-00843"]
[Site "LSS email"]
[Date "2009.05.12"]
[Round "?"]
[White "Cuaycong, Virgilio"]
[Black "Znak, Nicholas"]
[Result "1-0"]
[WhiteElo "1364"]
[BlackElo "698"]
[PlyCount "53"]
[EventDate "2009.05.08"]
[EventType "tourn (corr)"]
[EventRounds "4"]
[EventCountry "GER"]
[SourceTitle "Corr 2011"]
[Source "ChessBase"]
[SourceDate "2010.08.31"]
[SourceVersion "1"]
[SourceVersionDate "2010.08.31"]
[SourceQuality "1"]

1. e4 e5 2. Nf3 Nc6 3. Bb5 a6 4. Ba4 Nf6 5. 0-0 b5 6. Bb3 Bb7 7. d3 Be7 8. Nc3 0-0 9. Bd2 d6 10. a4 b4 11. Nd5 a5 12. c3 Nxd5 13. Bxd5 Rb8 14. Rc1 Bf6 15. Bxc6 Bxc6 16. cxb4 Bd7 17. b5 Bg4 18. Bxa5 Rc8 19. h3 Bxf3 20. Qxf3 Qe7 21. Rc6 Rfd8 22. Rfc1 Rd7 23. b6 Qe8 24. Rxc7 Rdxc7 25. Rxc7 Rxc7 26. bxc7 Qc6 27. Qf5 1-0

[Event "LSS OP-2009-0-00843"]
[Site "LSS email"]
[Date "2009.05.12"]
[Round "?"]
[White "Znak, Nicholas"]
[Black "Moman, Aaron"]
[Result "0-1"]
[WhiteElo "698"]
[BlackElo "1660"]
[PlyCount "60"]
[EventDate "2009.05.08"]
[EventType "tourn (corr)"]
[EventRounds "4"]
[EventCountry "GER"]
[SourceTitle "Corr 2011"]
[Source "ChessBase"]
[SourceDate "2010.08.31"]
[SourceVersion "1"]
[SourceVersionDate "2010.08.31"]
[SourceQuality "1"]

1. e4 e5 2. Nf3 Nc6 3. Bb5 f5 4. d3 fxe4 5. dxe4 Nf6 6. Bg5 h6 7. Bh4 d6 8. Nc3 g5 9. Bg3 a6 10. Bxc6+ bxc6 11. Qd3 Be6 12. h3 Bg7 13. h4 g4 14. Nd2 Nh5 15. 0-0 0-0 16. a3 Nf4 17. Qe3 Bf6 18. Ne2 Nxe2+ 19. Qxe2 Bxh4 20. Qe3 Bg5 21. Qc3 h5 22. f3 h4 23. Be1 g3 24. f4 Bxf4 25. Qxc6 Be3+ 26. Kh1 Qg5 27. Nf3 Qh5 28. Bf2 gxf2 29. Nh2 h3 30. g3 Qg6 0-1

[Event "LSS OP-2009-0-00829"]
[Site "LSS email"]
[Date "2009.05.02"]
[Round "?"]
[White "Gofman, Albert"]
[Black "Znak, Nicholas"]
[Result "1-0"]
[WhiteElo "800"]
[BlackElo "698"]
[PlyCount "51"]
[EventDate "2009.04.27"]
[EventType "tourn (corr)"]
[EventRounds "4"]
[EventCountry "GER"]
[SourceTitle "Corr 2011"]
[Source "ChessBase"]
[SourceDate "2010.08.31"]
[SourceVersion "1"]
[SourceVersionDate "2010.08.31"]
[SourceQuality "1"]

1. d4 Nf6 2. Nf3 b6 3. e3 e6 4. Bd3 Bb7 5. Nbd2 d5 6. Ne5 Bd6 7. f4 Nc6 8. c3 Ne7 9. 0-0 Bxe5 10. fxe5 Ne4 11. Qg4 0-0 12. Nxe4 dxe4 13. Bxe4 Bxe4 14. Qxe4 c6 15. b3 Nd5 16. Ba3 Re8 17. c4 Ne7 18. Bxe7 Qxe7 19. Qxc6 Qg5 20. Rf4 h5 21. Raf1 Rf8 22. h4 Qd8 23. Qb7 f5 24. exf6 gxf6 25. Qe4 Qe8 26. Rxf6 1-0

[Event "LSS RN-2009-0-00207"]
[Site "LSS email"]
[Date "2009.05.01"]
[Round "?"]
[White "Wallerstorfer, Josef"]
[Black "Znak, Nicholas"]
[Result "0-1"]
[WhiteElo "863"]
[BlackElo "698"]
[PlyCount "114"]
[EventDate "2009.04.07"]
[EventType "tourn (corr)"]
[EventRounds "6"]
[EventCountry "GER"]
[SourceTitle "Corr 2011"]
[Source "ChessBase"]
[SourceDate "2010.08.31"]
[SourceVersion "1"]
[SourceVersionDate "2010.08.31"]
[SourceQuality "1"]

1. e4 e5 2. Nf3 Nc6 3. Bc4 Nf6 4. d3 Be7 5. 0-0 Na5 6. Nbd2 Nxc4 7. Nxc4 d6 8. h3 0-0 9. Re1 Re8 10. d4 exd4 11. Nxd4 c5 12. Nf3 b5 13. Ncd2 Bb7 14. e5 dxe5 15. Nxe5 Qd5 16. Ndf3 Rad8 17. Bf4 Qxd1 18. Raxd1 h6 19. Ng4 Nd5 20. Bd2 b4 21. Nfe5 Nf6 22. c3 a5 23. cxb4 cxb4 24. b3 Nxg4 25. Nxg4 Bc5 26. Be3 Bd6 27. Bb6 Rxe1+ 28. Rxe1 Rc8 29. Ne3 Bc7 30. Nc4 Bxb6 31. Nxb6 Rc6 32. Nc4 Rc5 33. Re7 Ba6 34. Nd6 Rc1+ 35. Kh2 Rc2 36. Nxf7 Rxa2 37. Ne5 a4 38. bxa4 Rxa4 39. Ra7 Ra3 40. Nf3 b3 41. Nd2 b2 42. f3 Ra1 43. Kg3 Bd3 44. Rb7 b1Q 45. Nxb1 Rxb1 46. Rxb1 Bxb1 47. Kg4 Kf7 48. h4 g6 49. Kf4 Kf6 50. g4 Ke6 51. Ke3 Ke5 52. f4+ Ke6 53. Kd4 Bc2 54. g5 h5 55. Ke3 Kf5 56. Kf3 Be4+ 57. Kg3 Bc6 0-1

[Event "LSS RN-2009-0-00207"]
[Site "LSS email"]
[Date "2009.05.01"]
[Round "?"]
[White "Znak, Nicholas"]
[Black "Keller, Alexander"]
[Result "1-0"]
[WhiteElo "827"]
[BlackElo "578"]
[PlyCount "29"]
[EventDate "2009.04.07"]
[EventType "tourn (corr)"]
[EventRounds "6"]
[EventCountry "GER"]
[SourceTitle "Corr 2015"]
[Source "ChessBase"]
[SourceDate "2015.07.17"]
[SourceVersion "1"]
[SourceVersionDate "2015.07.17"]
[SourceQuality "1"]

1. e4 e5 2. Nf3 Nc6 3. d4 Nf6 4. Bg5 h6 5. Bxf6 Qxf6 6. c3 b6 7. d5 Na5 8. Nbd2 Bc5 9. Bd3 d6 10. b4 Bxb4 11. cxb4 Nb7 12. Qc2 c5 13. dxc6 Nd8 14. b5 Ne6 15. Nc4 1-0

[Event "LSS RN-2009-0-00207"]
[Site "LSS email"]
[Date "2009.05.01"]
[Round "?"]
[White "Znak, Nicholas"]
[Black "Moskalenko, Eduard"]
[Result "0-1"]
[WhiteElo "698"]
[BlackElo "800"]
[PlyCount "70"]
[EventDate "2009.04.07"]
[EventType "tourn (corr)"]
[EventRounds "6"]
[EventCountry "GER"]
[SourceTitle "Corr 2011"]
[Source "ChessBase"]
[SourceDate "2010.08.31"]
[SourceVersion "1"]
[SourceVersionDate "2010.08.31"]
[SourceQuality "1"]

1. e4 c5 2. Nf3 d6 3. d4 cxd4 4. c3 Nf6 5. Nxd4 g6 6. Bd3 Bg7 7. Be3 0-0 8. 0-0 Ng4 9. Nc2 d5 10. Bf4 e5 11. Bg3 h5 12. h4 dxe4 13. Bxe4 Qb6 14. b3 Rd8 15. Qe2 f5 16. Bd3 Kh8 17. Nd2 f4 18. Bh2 Nxh2 19. Kxh2 Qd6 20. Ne1 f3 21. Ndxf3 e4+ 22. Kg1 exd3 23. Qd2 Bf5 24. Ng5 Kg8 25. Kh1 Re8 26. Rc1 Re2 27. Qd1 Nc6 28. Nxd3 Qxd3 29. f4 Qxd1 30. Rfxd1 Rae8 31. a4 Bf6 32. Kh2 R8e3 33. Kg1 Rg3 34. Nf3 Rgxg2+ 35. Kh1 Be4 0-1

[Event "LSS OP-2009-0-00826"]
[Site "LSS email"]
[Date "2009.04.29"]
[Round "?"]
[White "Gofman, Albert"]
[Black "Znak, Nicholas"]
[Result "1-0"]
[WhiteElo "800"]
[BlackElo "698"]
[PlyCount "47"]
[EventDate "2009.04.21"]
[EventType "tourn (corr)"]
[EventRounds "4"]
[EventCountry "GER"]
[SourceTitle "Corr 2011"]
[Source "ChessBase"]
[SourceDate "2010.08.31"]
[SourceVersion "1"]
[SourceVersionDate "2010.08.31"]
[SourceQuality "1"]

1. d4 d5 2. Nf3 e6 3. e3 Nf6 4. Bd3 c5 5. c3 Nc6 6. Nbd2 cxd4 7. exd4 Be7 8. Qe2 Qc7 9. 0-0 0-0 10. Re1 Re8 11. Ne5 a6 12. Ndf3 Bd7 13. Ng5 Nd8 14. Qc2 g6 15. Qe2 Ne4 16. Bxe4 dxe4 17. Qxe4 Kg7 18. Qh4 Rh8 19. Bf4 Bxg5 20. Bxg5 h5 21. Bf6+ Kh7 22. Qg5 Be8 23. Ng4 Kg8 24. Bxh8 1-0

[Event "LSS OP-2009-0-00826"]
[Site "LSS email"]
[Date "2009.04.29"]
[Round "?"]
[White "Znak, Nicholas"]
[Black "Heyboer, Peter J"]
[Result "1-0"]
[WhiteElo "698"]
[BlackElo "901"]
[PlyCount "51"]
[EventDate "2009.04.21"]
[EventType "tourn (corr)"]
[EventRounds "4"]
[EventCountry "GER"]
[SourceTitle "Corr 2011"]
[Source "ChessBase"]
[SourceDate "2010.08.31"]
[SourceVersion "1"]
[SourceVersionDate "2010.08.31"]
[SourceQuality "1"]

1. e4 e5 2. Nf3 Nc6 3. d4 exd4 4. c3 d5 5. exd5 Qxd5 6. Be2 Nf6 7. 0-0 Be7 8. cxd4 0-0 9. Nc3 Qd8 10. Be3 Be6 11. Qc2 Nb4 12. Qd2 Nc6 13. Rfd1 Nd5 14. Nxd5 Bxd5 15. a3 h6 16. Qc3 Re8 17. Ne1 Bg5 18. Nc2 a6 19. Bg4 Re4 20. Bf3 Re8 21. Bxd5 Qxd5 22. Qc5 Qxc5 23. dxc5 Re5 24. f4 Bxf4 25. Bxf4 Rxc5 26. Ne3 1-0

[Event "LSS RN-2009-0-00206"]
[Site "LSS email"]
[Date "2009.04.24"]
[Round "?"]
[White "Yangibayev, Rustam"]
[Black "Znak, Nicholas"]
[Result "1-0"]
[WhiteElo "852"]
[BlackElo "794"]
[PlyCount "73"]
[EventDate "2009.03.31"]
[EventType "tourn (corr)"]
[EventRounds "6"]
[EventCountry "GER"]
[SourceTitle "Corr 2011"]
[Source "ChessBase"]
[SourceDate "2010.08.31"]
[SourceVersion "1"]
[SourceVersionDate "2010.08.31"]
[SourceQuality "1"]

1. d4 Nf6 2. Nf3 e6 3. c4 Bb4+ 4. Bd2 a5 5. Nc3 Bxc3 6. Bxc3 d5 7. e3 0-0 8. Rc1 Nbd7 9. Bd3 dxc4 10. Bxc4 Nb6 11. Bb3 Nbd5 12. 0-0 Nxc3 13. bxc3 c6 14. Qd3 Nd5 15. Bc2 g6 16. Ne5 f5 17. a3 Qe7 18. c4 Nb6 19. f4 Nd7 20. Nf3 Nf6 21. Ng5 Bd7 22. a4 h6 23. Nf3 Ne4 24. Ne5 Be8 25. Rf3 Rd8 26. Rh3 Kg7 27. c5 g5 28. fxg5 hxg5 29. Rf3 g4 30. Rff1 Rh8 31. Nxg4 Qh4 32. h3 Nxc5 33. Qc4 fxg4 34. Qxc5 Bf7 35. Qe5+ Kg8 36. Qc7 gxh3 37. Qxf7# 1-0

[Event "LSS RN-2009-0-00206"]
[Site "LSS email"]
[Date "2009.04.24"]
[Round "?"]
[White "Znak, Nicholas"]
[Black "Keller, Alexander"]
[Result "1-0"]
[WhiteElo "698"]
[BlackElo "550"]
[PlyCount "55"]
[EventDate "2009.03.31"]
[EventType "tourn (corr)"]
[EventRounds "6"]
[EventCountry "GER"]
[SourceTitle "Corr 2011"]
[Source "ChessBase"]
[SourceDate "2010.08.31"]
[SourceVersion "1"]
[SourceVersionDate "2010.08.31"]
[SourceQuality "1"]

1. e4 c5 2. Nf3 Nc6 3. d4 d5 4. e5 Nxd4 5. Nxd4 cxd4 6. Qxd4 e6 7. b3 Be7 8. Bb2 f6 9. Bb5+ Bd7 10. Bxd7+ Qxd7 11. 0-0 Qc7 12. Qa4+ Kf7 13. c4 fxe5 14. cxd5 exd5 15. Nc3 Nf6 16. Rac1 Qd8 17. Rfd1 d4 18. Qc4+ Kg6 19. Qe6 Qd6 20. Qxd6 Bxd6 21. Ne2 Rac8 22. h3 Rxc1 23. Bxc1 b5 24. f3 Nd5 25. Kf2 Rf8 26. Bd2 b4 27. Ng3 Nc3 28. Ra1 1-0

[Event "LSS RN-2009-0-00206"]
[Site "LSS email"]
[Date "2009.04.24"]
[Round "?"]
[White "Znak, Nicholas"]
[Black "Vontina, Maria"]
[Result "0-1"]
[WhiteElo "794"]
[BlackElo "649"]
[PlyCount "64"]
[EventDate "2009.03.31"]
[EventType "tourn (corr)"]
[EventRounds "6"]
[EventCountry "GER"]
[SourceTitle "Corr 2011"]
[Source "ChessBase"]
[SourceDate "2010.08.31"]
[SourceVersion "1"]
[SourceVersionDate "2010.08.31"]
[SourceQuality "1"]

1. e4 e6 2. d4 d5 3. Nc3 Bb4 4. e5 c5 5. Bd2 cxd4 6. Nce2 Be7 7. Nxd4 Nc6 8. Ngf3 Qb6 9. Bc3 Bd7 10. a3 Bd8 11. Be2 Nge7 12. 0-0 0-0 13. Nxc6 Bxc6 14. Nd4 Ng6 15. Nxc6 Qxc6 16. Bd4 Be7 17. c3 a6 18. a4 Rac8 19. g3 Rb8 20. Bd3 Rfc8 21. a5 Qc7 22. f4 Nf8 23. Kg2 h6 24. f5 exf5 25. Bxf5 Re8 26. Qg4 Ne6 27. Bxe6 fxe6 28. Qxe6+ Kh8 29. Qg4 Bc5 30. e6 Bxd4 31. Rf7 Re7 32. Qxg7+ Bxg7 0-1

[Event "LSS BI-2009-P-00013"]
[Site "LSS email"]
[Date "2009.04.19"]
[Round "?"]
[White "Aberbach Peltzman, Angel Sergio"]
[Black "Znak, Nicholas"]
[Result "1-0"]
[WhiteElo "2198"]
[BlackElo "781"]
[PlyCount "49"]
[EventDate "2009.04.20"]
[EventType "tourn (corr)"]
[EventRounds "10"]
[EventCountry "GER"]
[SourceTitle "Corr 2011"]
[Source "ChessBase"]
[SourceDate "2010.08.31"]
[SourceVersion "1"]
[SourceVersionDate "2010.08.31"]
[SourceQuality "1"]

1. d4 Nf6 2. c4 e6 3. Nc3 Bb4 4. Qc2 d5 5. a3 Bxc3+ 6. Qxc3 Ne4 7. Qc2 0-0 8. Nf3 Nd7 9. e3 c6 10. Bd3 Ndf6 11. 0-0 Bd7 12. Ne5 Be8 13. f3 Nd6 14. b3 Rc8 15. c5 Nf5 16. Bd2 Nd7 17. g4 Nxe5 18. dxe5 Nh4 19. Bxh7+ Kh8 20. Bd3 f5 21. exf6 Rxf6 22. f4 Rf8 23. Bc3 Qe7 24. Be5 Bg6 25. Bxg6 1-0

[Event "LSS BI-2009-P-00013"]
[Site "LSS email"]
[Date "2009.04.19"]
[Round "?"]
[White "Remde, Alexander"]
[Black "Znak, Nicholas"]
[Result "1-0"]
[WhiteElo "2090"]
[BlackElo "827"]
[PlyCount "27"]
[EventDate "2009.04.20"]
[EventType "tourn (corr)"]
[EventRounds "10"]
[EventCountry "GER"]
[SourceTitle "Corr 2015"]
[Source "ChessBase"]
[SourceDate "2015.07.17"]
[SourceVersion "1"]
[SourceVersionDate "2015.07.17"]
[SourceQuality "1"]

1. e4 e5 2. Nf3 Nc6 3. Bb5 a6 4. Ba4 Nf6 5. 0-0 Nxe4 6. d4 b5 7. Bb3 d5 8. dxe5 Be6 9. Nbd2 Nxd2 10. Qxd2 h6 11. a4 b4 12. a5 Be7 13. Ba4 Qd7 14. Nd4 1-0

[Event "LSS BI-2009-P-00013"]
[Site "LSS email"]
[Date "2009.04.19"]
[Round "?"]
[White "Znak, Nicholas"]
[Black "Malagar, Leo"]
[Result "0-1"]
[WhiteElo "781"]
[BlackElo "1359"]
[PlyCount "52"]
[EventDate "2009.04.20"]
[EventType "tourn (corr)"]
[EventRounds "10"]
[EventCountry "GER"]
[SourceTitle "Corr 2011"]
[Source "ChessBase"]
[SourceDate "2010.08.31"]
[SourceVersion "1"]
[SourceVersionDate "2010.08.31"]
[SourceQuality "1"]

1. e4 Nc6 2. d4 d5 3. e5 Bf5 4. Ne2 Qd7 5. Ng3 Bg6 6. Be3 0-0-0 7. Be2 f6 8. f4 Kb8 9. Nd2 Nb4 10. f5 Bxf5 11. Nxf5 Qxf5 12. Rc1 fxe5 13. dxe5 Qxe5 14. Bf2 g6 15. c3 Nd3+ 16. Kf1 Nxc1 17. Qxc1 Bh6 18. Qe1 Nf6 19. Nb3 Rhf8 20. Bf3 Ne4 21. Nd4 Nd2+ 22. Kg1 Qxe1+ 23. Bxe1 Be3+ 24. Bf2 Bxd4 25. Bxd4 e5 26. Bc5 Nxf3+ 0-1